25 Years of CBS Shows Quiz Stats

 Plays Quiz Updated Oct 10, 2017

Score 0/25 Timer 07:00
0 Plays Today
% Correct
The Big Bang Theory
96%
How I Met Your Mother
95.1%
Everybody Loves Raymond
87.1%
Mike & Molly
85.4%
The King of Queens
82.6%
NCIS
80.8%
Mom
75.6%
CSI: Crime Scene Investigation
74.9%
The Good Wife
72.5%
JAG
69.2%
Elementary
68.8%
CSI: NY
61.9%
The Mentalist
60.5%
% Correct
The New Adventures of Old Christine
57.9%
Madam Secretary
54%
The Amazing Race
51%
Bull
50.1%
Person of Interest
49.7%
Judging Amy
38%
Code Black
35.3%
Cybill
32.2%
Chicago Hope
27.8%
Superior Donuts
26.3%
Instinct
13.9%
Still Standing
9.9%

You're not logged in!

Compare scores with friends on all Sporcle quizzes.
OR
Log In

Show Comments

Extras

Top Quizzes Today


Score Distribution

Your Account Isn't Verified!

In order to create a playlist on Sporcle, you need to verify the email address you used during registration. Go to your Sporcle Settings to finish the process.

Report this User

Report this user for behavior that violates our Community Guidelines.

Details: